<?xml version="1.0" encoding="UTF-8"?>
<record
    xmlns:xsi="http://www.w3.org/2001/XMLSchema-instance"
    xsi:schemaLocation="http://www.loc.gov/MARC21/slim http://www.loc.gov/standards/marcxml/schema/MARC21slim.xsd"
    xmlns="http://www.loc.gov/MARC21/slim">

  <leader>01034nam a22002417a 4500</leader>
  <datafield tag="999" ind1=" " ind2=" ">
    <subfield code="c">8423</subfield>
    <subfield code="d">8423</subfield>
  </datafield>
  <controlfield tag="003">CO-NeUS</controlfield>
  <controlfield tag="005">20201005123311.0</controlfield>
  <controlfield tag="008">140202b        ck ||||| |||| 00| 0 spa d</controlfield>
  <datafield tag="020" ind1=" " ind2=" ">
    <subfield code="a">9583319317</subfield>
  </datafield>
  <datafield tag="040" ind1=" " ind2=" ">
    <subfield code="c">CO-NeUS</subfield>
    <subfield code="a">CO-NeUS</subfield>
    <subfield code="b">spa</subfield>
    <subfield code="e">rda</subfield>
  </datafield>
  <datafield tag="100" ind1="1" ind2=" ">
    <subfield code="a">Ortiz Charry, Gonzalo</subfield>
    <subfield code="9">71639</subfield>
  </datafield>
  <datafield tag="245" ind1="1" ind2="0">
    <subfield code="a">Periodismo y ciudadan&#xED;a / </subfield>
    <subfield code="c">Gonzalo Ortiz Charry ... y otros ; Presentaci&#xF3;n Frank Priess</subfield>
  </datafield>
  <datafield tag="264" ind1=" " ind2=" ">
    <subfield code="a">Santaf&#xE9; de Bogot&#xE1; : </subfield>
    <subfield code="b">Fundaci&#xF3;n Konrad / </subfield>
    <subfield code="c">Cedal, 2000</subfield>
  </datafield>
  <datafield tag="300" ind1=" " ind2=" ">
    <subfield code="a">114 p&#xE1;gina. ; 23 cm.</subfield>
  </datafield>
  <datafield tag="505" ind1="0" ind2="0">
    <subfield code="a">Sociedad civil desde la ciencia pol&#xED;tica / Gonzalo Ortiz Charry -- Hacia una concepci&#xF3;n del periodismo c&#xED;vico participativo / Gladys Daza Hern&#xE1;ndez -- Periodismo c&#xED;vico y academia / Rodolfo Prada Penagos -- Dimensi&#xF3;n &#xE9;tica del periodismo en la cultura urbana / Juan Jos&#xE9; Garc&#xED;a Posada --  </subfield>
  </datafield>
  <datafield tag="082" ind1="0" ind2="4">
    <subfield code="a">070.4 / </subfield>
    <subfield code="b">O77p</subfield>
  </datafield>
  <datafield tag="650" ind1="1" ind2="4">
    <subfield code="a">Periodismo</subfield>
    <subfield code="x">aspectos politicos</subfield>
    <subfield code="9">127236</subfield>
  </datafield>
  <datafield tag="650" ind1="1" ind2="4">
    <subfield code="a">Periodismo civico</subfield>
    <subfield code="9">127240</subfield>
  </datafield>
  <datafield tag="650" ind1="1" ind2="4">
    <subfield code="a">Politica y medios de comunicacion</subfield>
    <subfield code="9">128096</subfield>
  </datafield>
  <datafield tag="650" ind1="1" ind2="4">
    <subfield code="a">Informacion publica</subfield>
    <subfield code="9">113352</subfield>
  </datafield>
  <datafield tag="942" ind1=" " ind2=" ">
    <subfield code="2">ddc</subfield>
    <subfield code="c">CG</subfield>
    <subfield code="h">070.4 / </subfield>
    <subfield code="m">O77p</subfield>
  </datafield>
</record>
